| 000 -LEADER | |
|---|---|
| fixed length control field | 00555nam a2200169 a 4500 |
| 001 - CONTROL NUMBER | |
| control field | :::00018791$&:&@@ |
| 003 - CONTROL NUMBER IDENTIFIER | |
| control field | OkBaRHE |
| 005 - DATE AND TIME OF LATEST TRANSACTION | |
| control field | 20010109110750.0 |
| 008 - FIXED-LENGTH DATA ELEMENTS--GENERAL INFORMATION | |
| fixed length control field | j 000 0 eng u |
| 040 ## - CATALOGING SOURCE | |
| Transcribing agency | |
| 100 1# - MAIN ENTRY--PERSONAL NAME | |
| Personal name | Foster, Thomas |
| 245 14 - TITLE STATEMENT | |
| Title | The amazing book of Revelation explained! |
| 300 ## - PHYSICAL DESCRIPTION | |
| Extent | 133 p. |
| 942 ## - ADDED ENTRY ELEMENTS (KOHA) | |
| Source of classification or shelving scheme | |
| Koha item type | Books |
| Permanent Location | Koha item type | Withdrawn status | Lost status | Barcode | Full call number | Shelving location | Date last seen | Date acquired | Not for loan | Source of classification or shelving scheme | Copy number | Price effective from | Damaged status |
|---|---|---|---|---|---|---|---|---|---|---|---|---|---|
| RHEMA Bible Training College | Books | 18791 | BS 2825.2 .F67 | General Stacks | 2018-04-03 | 2010-04-14 | 1 | 2010-04-14 | |||||
| RHEMA Bible Training College | Books | 20600 | BS 2825.2 .F67 | General Stacks | 2018-04-03 | 2010-04-14 | 2 | 2010-04-14 |